[Event "4th Capablanca Memorial GM 2018"]
[Site "Heraklion"]
[Date "2018.04.09"]
[Round "1"]
[White "Rozentalis, Eduardas"]
[Black "Georgakopoulos, Nikolaos"]
[Result "1-0"]
[WhiteElo "2518"]
[BlackElo "2346"]
[Annotator "TA"]
[PlyCount "65"]
[EventDate "2018.??.??"]
[EventType "tourn"]
[EventCountry "GRE"]
[SourceTitle "playchess.com"]
[Source "ChessBase"]
[SourceQuality "1"]

{[%evp 23,65,0,0,-7,-4,-20,-20,-21,-7,-11,-12,-11,0,0,0,0,0,0,7,0,0,0,17,0,47,47,49,52,139,139,176,176,402,402,568,565,542,516,549,500,534,516,807,840]} 1. e4 c5 2. Nf3 e6 3. g3 Nc6 4. Bg2 Nf6 5. Nc3 Be7 6. O-O d6 7. d4 cxd4 8. Nxd4 O-O 9. Nxc6 bxc6 10. e5 dxe5 11. Qxd8 {B80: Sicilian Scheveningen: 6 g3 and 6 Be3, including English Attack} Rxd8 12. Bxc6 Rb8 {LiveBook: 4 Games} 13. Re1 {The position is equal.} Bd6 $146 ({Find the theoretical novelty and annotate with similar games:} 13... Bd7 14. Bxd7 Nxd7 15. Na4 f5 16. b3 e4 17. Bb2 Bf6 18. Red1 Bxb2 19. Nxb2 {½-½ (55) Pandavos,E (2310)-Kotronias,V (2465) Athens 1988}) 14. Rb1 Bb4 15. Be3 Bd7 16. Bg2 a6 17. Bf1 Bb5 18. Nxb5 Bxe1 19. Na7 Bd2 {...Bxe3 is the strong threat.} 20. Nc6 {aiming for Bxd2.} Bxe3 21. fxe3 {[#]} a5 $1 22. a4 (22. Nxa5 Ra8) 22... g5 23. Bb5 Ra8 {Strongly threatening ...Rd2.} 24. Nxd8 Rxd8 $14 {[%mdl 4096] Endgame KRB-KRN} 25. c3 {[%cal Bc2c3,Bc3b4,Bb4b5][%mdl 32]} e4 {[#]} (25... Rb8 $14) 26. b4 $1 $16 axb4 27. cxb4 Ng4 $2 (27... Rc8 28. a5 Kg7) 28. Be2 $18 Nxe3 (28... Ne5 $142 29. b5 Kf8) 29. b5 {White is clearly winning.} Nd5 {[#]} 30. a5 $1 Nc3 31. Rb2 Na4 32. Rc2 Rd6 (32... Kg7 $142 33. Rc4 Nb2) 33. Rc4 {Precision: White = 81%, Black = 29%.} 1-0

[Event "4th Capablanca Memorial GM 2018"]
[Site "Heraklion"]
[Date "2018.04.09"]
[Round "1"]
[White "Kapnisis, Spyridon"]
[Black "Fernandez, Daniel Howard"]
[Result "1/2-1/2"]
[WhiteElo "2472"]
[BlackElo "2483"]
[Annotator "TA"]
[PlyCount "73"]
[EventDate "2018.??.??"]
[EventType "tourn"]
[EventCountry "GRE"]
[SourceTitle "playchess.com"]
[Source "ChessBase"]
[SourceQuality "1"]

{[%evp 20,73,89,71,101,83,106,75,100,63,60,68,56,75,66,67,71,68,104,91,224,223,179,193,677,661,660,636,548,0,0,-42,-42,-37,11,16,197,192,197,163,161,101,90,47,61,0,0,0,0,0,0,0,0,-27,0,0]} 1. d4 Nf6 2. Nf3 e6 3. e3 b6 4. Bd3 Bb7 5. O-O c5 6. c4 Be7 7. Nc3 O-O 8. d5 exd5 9. cxd5 d6 10. e4 Nbd7 11. h3 {LiveBook: 38 Games} Qc8 {E14: Queen's Indian: Classical Variation (4 e3)} (11... a6 12. Bf4 b5 13. a3 Qc7 14. Rc1 Ne5 15. Bb1 Nfd7 16. b4 Rac8 17. Nd2 a5 18. Ne2 Qb8 19. bxa5 {½-½ (47) Rakhmanov,A (2655)-Lobanov,S (2433) Kolomna 2016}) 12. Bf4 Ba6 13. Re1 Re8 {White is better.} 14. Rc1 $146 ({Predecessor:} 14. a4 Bf8 15. Bh2 Bxd3 16. Qxd3 c4 17. Qc2 Nc5 18. e5 dxe5 19. Nxe5 {1-0 (55) Levin,N-Kurass,I Kiev (Ukraine) 1963}) 14... Bxd3 15. Qxd3 a6 16. a4 Nf8 17. e5 dxe5 18. Bxe5 c4 19. Qd2 N6d7 (19... N8d7 $16) 20. d6 $18 Bd8 21. Nd5 b5 $2 {[#]} (21... Re6 22. Bc3 Qc5) 22. Bxg7 $1 {[%mdl 512]} Rxe1+ (22... Kxg7 23. Rxe8) 23. Rxe1 ({Worse is} 23. Nxe1 Kxg7 24. Nc2 Qc5 $17) 23... Kxg7 24. Re8 $2 (24. Nd4 $1 $18 {[%cal Rd4f5]} Nc5 25. Re7 $1 {[%mdl 512]} (25. Re8 Nb3 $18) 25... Bxe7 26. Nxe7) 24... Qc5 $1 $11 {[%cal Rc5d6]} 25. Rxd8 (25. g4 $5 {[%cal Rf3d4]} f5 26. Nc7 (26. gxf5 Qxd6 27. Ng5 Nf6 $15) 26... fxg4 27. hxg4 $16 (27. Nxa8 gxf3 28. Rxd8 Qf5 $14)) 25... Rxd8 26. Qg5+ $1 Ng6 27. Qxd8 {Threatens to win with Ne3.} Qxd6 $2 {[#]} (27... Qxd5 $11 {and Black is okay.} 28. Qxd7 b4) 28. Ne3 $1 $18 {[%cal Re3f5]} Ne7 29. axb5 axb5 30. Nh4 (30. h4 $18) 30... Qe6 $16 31. g4 h6 32. Nhf5+ ({White should try} 32. Qa5 $14) 32... Nxf5 $11 33. Nxf5+ Kh7 34. Qa5 Ne5 35. Qc3 Qd5 36. Kh2 Qf3 37. Qxe5 {Precision: White = 41%, Black = 41%.} 1/2-1/2

[Event "4th Capablanca Memorial GM 2018"]
[Site "Heraklion"]
[Date "2018.04.09"]
[Round "1"]
[White "Koutoukidis, Panagiotis"]
[Black "Poetsch, Hagen"]
[Result "1-0"]
[WhiteElo "2332"]
[BlackElo "2484"]
[Annotator "TA"]
[PlyCount "120"]
[EventDate "2018.??.??"]
[EventType "tourn"]
[EventCountry "GRE"]
[SourceTitle "playchess.com"]
[Source "ChessBase"]
[SourceQuality "1"]

{[%evp 22,120,0,0,14,-14,14,0,32,0,0,-6,46,29,25,0,37,-2,0,0,0,0,52,45,58,13,23,3,4,0,47,47,33,34,87,87,64,69,57,57,72,64,39,39,120,39,112,89,90,0,18,40,486,464,519,520,521,478,1270,989,972,997,993,1002,953,942,938,879,775,781,933,928,917,987,838,732,1093,1036,1877,1829,1605,1537,1455,1252,2409,2747,2255,2194,2920,2668,4134,9576,5600,3771,29976,29979,29979,29980,29980,29981,29983]} 1. e4 e6 2. d4 d5 3. Nc3 Nf6 4. e5 Nfd7 5. f4 c5 6. Nf3 Nc6 7. Be3 Be7 8. Qd2 a6 9. dxc5 Nxc5 {C11: French: Classical System: 4 e5 and 4 Bg5 dxe4} 10. O-O-O (10. a3 O-O 11. Rd1 b6 12. Be2 a5 13. O-O Ba6 14. Bxa6 Rxa6 {½-½ (48) Nabaty,T (2650)-Kovalenko,I (2659) Martuni 2017}) 10... Qa5 11. Kb1 b5 12. Ne2 {[#] LiveBook: 5 Games. Threatens to win with Qxa5.} Qc7 13. Ned4 Na5 $146 ({Predecessor:} 13... b4 14. g4 Ne4 15. Qe1 a5 16. Nd2 Nxd2+ 17. Qxd2 O-O 18. Rc1 a4 19. c4 Nxd4 20. cxd5 Qa5 21. Qxd4 Bb7 22. Bc4 Bxd5 23. Bxd5 Rfd8 {½-½ (23) Roy Laguens,A (2338)-Grego,L (2305) ICCF email 2016}) 14. Qe1 O-O 15. Nb3 ({Reject} 15. b4 Ne4 $17) 15... Naxb3 16. cxb3 Ne4 (16... Bd7 $1 $11) 17. Rc1 $14 Qb7 18. Nd4 Bd7 19. Bd3 a5 20. a3 b4 21. a4 Rac8 (21... Nc5 $11 22. Bc2 Rfc8) 22. Qe2 Nc5 23. f5 {And now f6! would win.} (23. Bb5 {looks sharper.} Rfd8 24. g4 f6 25. Bxd7 Rxd7 26. Qb5) 23... Nxd3 24. Qxd3 exf5 25. Nxf5 Bxf5 26. Qxf5 Qa6 27. Bd4 g6 (27... Qe6 $14 28. Qxe6 fxe6) 28. Qf3 $16 Qe6 29. g4 Bg5 30. Rxc8 Rxc8 31. h4 Be7 32. h5 Bc5 (32... g5 $14) 33. Rd1 (33. Bxc5 $16 Rxc5 34. hxg6 hxg6 35. Qf2) 33... Bxd4 (33... Be7 $14) 34. Rxd4 $14 {[%mdl 4096] Endgame KQR-KQR} Rd8 35. Rf4 ({Better is} 35. Qf4 $16) 35... d4 {aiming for ...d3.} 36. h6 {Black must now prevent Rxd4!} d3 $2 {[%mdl 8192] [#]} (36... Qd5 $1 $14) 37. Rd4 $1 $18 {[%cal Rd4d8][%mdl 512]} Re8 (37... Rxd4 38. Qa8+) 38. Qf6 Qxf6 39. exf6 {KR-KR} Re1+ (39... Kf8 $142 40. Rxd3 Ra8) 40. Ka2 {Rd8+ would kill now.} Kf8 41. Rd8+ Re8 42. Rxd3 g5 43. Rd5 Re6 44. Rxg5 Rxf6 45. Rxa5 Rxh6 46. Rb5 Ra6 47. Rxb4 Ke7 48. Rb5 Rg6 49. g5 h6 50. gxh6 Rxh6 51. b4 {[%cal Bb3b4,Bb4b5][%mdl 32]} Ra6 52. Kb3 Ke6 53. Rh5 Ra8 54. b5 f5 55. Kb4 f4 56. a5 {[%cal Ba4a5,Ba5a6,Ba6a7][%mdl 32]} f3 57. a6 f2 58. Rh1 {White mates.} Kd6 59. Rf1 Rf8 60. a7 Kd5 {Precision: White = 76%, Black = 22%.} 1-0

[Event "4th Capablanca Memorial GM 2018"]
[Site "Heraklion"]
[Date "2018.04.09"]
[Round "1"]
[White "Pogosyan, Stefan"]
[Black "Ider, Borya"]
[Result "1/2-1/2"]
[WhiteElo "2314"]
[BlackElo "2510"]
[Annotator "TA"]
[PlyCount "177"]
[EventDate "2018.??.??"]
[EventType "tourn"]
[EventCountry "GRE"]
[SourceTitle "playchess.com"]
[Source "ChessBase"]
[SourceQuality "1"]

{[%evp 9,177,19,14,21,28,16,27,15,8,8,16,0,18,16,18,18,11,14,39,15,36,41,54,19,25,7,7,6,6,6,10,10,14,0,0,0,0,0,9,0,0,0,0,0,0,0,0,0,0,-34,-37,-35,-42,-45,0,-38,-29,-32,-18,-52,0,-44,0,-36,0,0,0,0,0,0,0,0,0,0,0,-116,-125,-243,-250,-250,-249,-249,-254,-247,-239,-254,-243,-773,-735,-736,-729,-719,-719,-719,-664,-643,-571,-350,-100,-100,-100,-100,-100,-100,-100,-100,-100,-100,-100,-100,-100,-100,-100,-100,-100,-100,-100,-100,0,-100,0,-100,-100,-100,-100,-100,-100,-100,-100,-100,-100,-100,-100,-100,-100,-100,-100,-100,-100,-100,-87,-87,-87,-87,-87,-87,-79,-79,-79,-79,-79,-87,-79,-79,-79,-79,-79,-79,-79,-79,-79,-79,-79,-79,-79,-79,-79,-79,-79,-1763]} 1. b3 d5 2. Bb2 a5 (2... Nf6 3. Nf3 Bg4 4. g3 Nbd7 5. Bg2 e6 6. O-O Bd6 7. d3 O-O 8. Nbd2 Qe7 9. a3 c6 10. h3 Bh5 11. e4 dxe4 12. dxe4 Be5 13. c3 Rad8 14. Qc2 {1-0 (70) Nakamura,H (2787)-Kramnik,V (2800) Moscow 2018}) 3. a4 Bg4 $146 ({Predecessor:} 3... Nf6 4. g3 Bf5 5. Bg2 e6 6. d3 h6 7. Nd2 Bb4 8. Ngf3 O-O 9. O-O Nbd7 {1-0 (38) Laxman,R (2438)-Karthik,V (2266) Bhubaneswar 2015}) 4. Nf3 Bxf3 5. exf3 e6 6. g3 {A01: Nimzowitsch-Larsen Opening} Nf6 {[%cal Bg8f6,Bf6e8,Be8d6,Bd6f5][%mdl 32]} 7. Bg2 g6 8. O-O {White has an edge.} Bg7 9. f4 O-O 10. d3 {[%cal Bd2d3,Bd3d4][%mdl 32]} Nc6 11. Nd2 Ne8 12. c3 Nd6 13. Nf3 Rb8 14. Re1 Nf5 15. d4 Re8 16. Ne5 Nxe5 17. fxe5 c5 18. Bf1 cxd4 19. cxd4 Qb6 20. Bb5 Rec8 21. Qd2 h5 22. Rec1 Bf8 23. Kg2 Bb4 24. Qf4 Bf8 25. Qd2 Bh6 26. f4 Bf8 27. Kf3 Bb4 28. Qd1 Be7 29. h3 f6 30. Rxc8+ Rxc8 31. Rc1 Rf8 32. Qg1 h4 33. g4 Ng3 34. Kg2 $1 fxe5 ({Better is} 34... Ne4 $15) 35. fxe5 (35. dxe5 $5 {[%cal Rg1b6]} Qxg1+ 36. Kxg1 $11) 35... Bg5 36. Rc2 Ne4 37. Ba3 Rf7 38. Rc8+ Kg7 $1 39. Bc5 $1 {[%cal Rc5b6]} Nxc5 40. dxc5 Qa7 41. Qb1 b6 42. Re8 {[#]} (42. c6 $11 Bf4 43. Re8) 42... Be3 $1 $17 43. Rxe6 (43. Qe1 $17 Bf2 44. Qd2 (44. Qb1 $2 Bxc5 45. Rxe6 Rf2+ 46. Kh1 Qf7 $19) 44... Bxc5 45. Rxe6) 43... Rf2+ $19 44. Kh1 Qf7 45. Rf6 Rxf6 46. exf6+ Qxf6 {[#] ( -> ...Qf3+)} 47. Qf1 bxc5 48. Qxf6+ $2 (48. Kg2) 48... Kxf6 {[%mdl 4096] Endgame KB-KB} 49. Kg2 Ke5 50. Kf3 Kd4 51. Be8 g5 52. Bf7 Bf4 53. Ke2 c4 $2 (53... Bb8 $19 {has better winning chances.} 54. Kd1 c4 55. bxc4 dxc4) 54. bxc4 $17 dxc4 55. Bg6 Kc3 56. Kd1 Bd6 57. Bh7 Bc5 58. Bg6 Kb2 59. Bh7 Bd6 60. Bg6 Kb3 61. Bc2+ Ka3 62. Ke2 Ka2 63. Kd1 Kb2 (63... Be5 $17 64. Be4 Kb2) 64. Bh7 (64. Bg6 $1 $11 {keeps the balance.}) 64... Kb3 65. Bc2+ Kb4 {Black is better.} 66. Kd2 Bc7 67. Ke2 Kc3 68. Kd1 Kd4 {...Ke3 is the strong threat.} 69. Ke2 Bb6 70. Bh7 Kd5 71. Bc2 Ke5 72. Kf3 Ba7 73. Bh7 Bc5 74. Bc2 c3 75. Bh7 Kd5 76. Bg6 Kc4 {aiming for ...Kb3.} 77. Bc2 Kb4 78. Ke2 Bd6 79. Kd3 Bf4 80. Ke2 Bd2 81. Kf3 Ka3 {White must now prevent ...Kb2.} 82. Ke2 Ka2 83. Kd3 Kb2 84. Bd1 Bf4 85. Bc2 Be5 86. Bd1 Kb1 87. Bc2+ Kc1 88. Bb3 Bf6 89. Ke4 $2 {[%mdl 40960] Precision: White = 64%, Black = 72%. . An unexpected result.} (89. Bc2 $17) 1/2-1/2

[Event "4th Capablanca Memorial GM 2018"]
[Site "Heraklion"]
[Date "2018.04.09"]
[Round "1"]
[White "Townsend, M Paul"]
[Black "Petrova, Kristyna"]
[Result "1/2-1/2"]
[WhiteElo "2211"]
[BlackElo "2257"]
[Annotator "TA"]
[PlyCount "66"]
[EventDate "2018.??.??"]
[EventType "tourn"]
[EventCountry "GRE"]
[SourceTitle "playchess.com"]
[Source "ChessBase"]
[SourceQuality "1"]

{[%evp 13,66,41,23,0,52,0,0,0,2,-8,21,0,0,0,-1,-10,10,-8,0,-14,-7,-10,0,-8,-10,-17,0,-19,0,-7,16,11,10,8,13,0,7,7,8,4,18,13,20,0,4,7,5,4,7,0,4,0,0,0,0]} 1. Nf3 Nf6 2. g3 g6 3. Bg2 Bg7 4. O-O d5 5. c4 dxc4 6. Na3 O-O 7. Nxc4 Nc6 {LiveBook: 21 Games} 8. b3 {A07: Réti Opening: New York and Capablanca Systems} (8. d3 Be6 9. Ne3 h6 10. Bd2 Nd5 11. Nxd5 Bxd5 12. Bc3 e5 13. Nd2 Bxg2 14. Kxg2 Nd4 15. Bxd4 exd4 {½-½ (66) Andreikin,D (2727)-Wang,H (2743) Moscow 2013}) 8... Nd5 $146 (8... e5 $11) ({Predecessor:} 8... a5 9. Bb2 Be6 10. d3 a4 11. bxa4 Bxc4 12. dxc4 Qxd1 13. Rfxd1 Rxa4 14. Ne5 Na5 15. c5 Ne4 16. Nd3 Nc3 17. Bxc3 Bxc3 18. Rac1 Bf6 19. Rc2 Ra8 20. Rb1 Ra7 21. Rb4 Ra3 22. h4 {½-½ (22) Saric,A (2492)-Kreisl,R (2386) Zadar 2010}) 9. Bb2 Bxb2 {The position is equal.} 10. Nxb2 e5 11. d3 Nd4 12. e3 Nxf3+ 13. Qxf3 c6 14. Rac1 Nf6 {[#] Threatens to win with ...Bg4.} 15. h3 Be6 16. Rfd1 Qe7 17. Na4 Rad8 18. Nc5 Bc8 19. b4 Nd5 20. a3 $1 Nc7 21. Qe2 Ne6 22. Qb2 Nxc5 23. Rxc5 Rfe8 24. Rcc1 Bf5 25. d4 exd4 26. Rxd4 Rxd4 27. Qxd4 a5 28. Rd1 axb4 29. axb4 Be4 30. Bxe4 Qxe4 31. Qd7 Qe7 32. Rd4 Kf8 33. b5 Qxd7 {Precision: White = 46%, Black = 59%.} 1/2-1/2

[Event "4th Capablanca Memorial GM 2018"]
[Site "Heraklion"]
[Date "2018.04.10"]
[Round "2"]
[White "Ider, Borya"]
[Black "Townsend, M Paul"]
[Result "0-1"]
[WhiteElo "2510"]
[BlackElo "2211"]
[Annotator "TA"]
[PlyCount "52"]
[EventDate "2018.??.??"]
[EventType "tourn"]
[EventCountry "GRE"]
[SourceTitle "playchess.com"]
[Source "ChessBase"]
[SourceQuality "1"]

{[%evp 9,52,-24,-6,-20,-15,-28,-18,-22,0,-14,-10,-71,0,-31,4,0,0,-53,-49,-91,-79,-57,-74,-69,-53,-159,-133,-315,-87,-357,-362,-586,-588,-645,-641,-608,-629,-604,-566,-643,-444,-2154,-1472,-2459,-2353]} 1. e4 e6 2. d4 d5 3. e5 c5 4. c3 Nc6 5. g3 (5. Nf3 Bd7 6. Be2 Nge7 7. O-O Ng6 8. g3 Be7 9. h4 O-O 10. h5 Nh8 11. h6 g6 12. c4 cxd4 13. cxd5 exd5 14. Na3 f6 15. exf6 Bxf6 16. Nb5 {0-1 (56) Grischuk,A (2750)-Carlsen,M (2832) chess.com INT 2017}) 5... Bd7 6. Ne2 {C02: French: Advance Variation} f6 7. f4 Nh6 $146 ({Predecessor:} 7... Qb6 8. b3 Nh6 9. Bh3 cxd4 10. cxd4 Bb4+ 11. Kf1 fxe5 12. dxe5 O-O-O 13. a3 {0-1 (23) Marrero Lopez,Y (2305)-Zallio,L (2123) Salvador 2012}) 8. Bh3 {The position is equal.} Be7 9. O-O O-O 10. Be3 (10. exf6 $11 Rxf6 11. Nd2) 10... cxd4 (10... fxe5 $17 {White must now prevent ...cxd4.} 11. dxe5 Qe8) 11. cxd4 Qb6 {Threatening ...fxe5.} 12. Nbc3 fxe5 13. Na4 ({White should try} 13. Nxd5 $11 exd5 14. Bxd7) 13... Qa6 $15 {Hoping for ...exd4.} 14. dxe5 d4 $1 15. Bf2 {[#]} Nxe5 $1 {[%mdl 512]} 16. fxe5 {Strongly threatening Nac3!} Bxa4 {[#]} 17. Qd2 (17. Bxe6+ $1 $15 {[%mdl 512]} Kh8 (17... Qxe6 18. Qxa4) 18. b3) 17... Bb5 $36 {[%mdl 2048] Black is really pushing.} 18. Rfe1 $2 {[#]} (18. Nxd4 $17 Bxf1 19. Rxf1) 18... Rad8 $2 (18... Rxf2 $1 $19 {[%mdl 512] and Black stays clearly on top.} 19. Kxf2 d3) 19. Rac1 $2 {[%mdl 8192]} (19. Nxd4 $17 {might work better.} Bc5 20. Rad1 (20. Bxe6+ $2 Kh8 $19)) 19... Bxe2 $19 ({And not} 19... Qxa2 20. Nxd4 Nf5 21. Bxf5 $11) 20. Rxe2 $2 {[#]} (20. Qxe2 d3 21. Qd2) 20... Bg5 $1 {[%mdl 512] Black is clearly winning.} 21. Bxe6+ (21. Qxg5 Qxe2) 21... Kh8 22. Qxg5 Qxe2 23. Rf1 Rde8 24. Bh3 {White hopes to continue with e6.} Nf7 25. Qc1 (25. Qg4 $142 Qxg4 26. Bxg4 Nxe5 27. Be2) 25... Nxe5 26. Qd1 {[#]} Rxf2 $1 {Precision: White = 18%, Black = 54%.} 0-1

[Event "4th Capablanca Memorial GM 2018"]
[Site "Heraklion"]
[Date "2018.04.10"]
[Round "2"]
[White "Poetsch, Hagen"]
[Black "Fernandez, Daniel Howard"]
[Result "1-0"]
[WhiteElo "2484"]
[BlackElo "2483"]
[Annotator "TA"]
[PlyCount "69"]
[EventDate "2018.??.??"]
[EventType "tourn"]
[EventCountry "GRE"]
[SourceTitle "playchess.com"]
[Source "ChessBase"]
[SourceQuality "1"]

{[%evp 11,68,13,68,72,75,59,65,65,89,89,97,89,117,106,103,99,136,124,125,83,145,144,151,163,160,142,226,255,241,158,158,163,157,165,819,774,735,722,1686,1687,1583,1678,1596,1508,1375,1008,29973,29974,29973,29974,29974,29975,29975,29976,29972,29973,29997,29998,29999]} 1. e4 c5 2. Nf3 d6 3. d4 Nf6 4. Nc3 cxd4 5. Nxd4 a6 6. Bg5 b5 {LiveBook: 4 Games} (6... Nbd7 $11) 7. Bxf6 $14 {B94: Sicilian Najdorf: 6 Bg5 Nbd7} gxf6 8. Qh5 e6 9. O-O-O $146 {White is slightly better.} ({Predecessor:} 9. f4 b4 10. Nce2 Qb6 11. O-O-O e5 12. fxe5 dxe5 13. Nf4 exf4 14. Bc4 Ra7 {½-½ (40) Perez Ponsa,F (2583)-Granda Zuniga,J (2644) Antofagasta 2017}) 9... Qb6 10. f4 {[%cal Bf2f4,Bf4f5][%mdl 32]} Nc6 11. Nxc6 Qxc6 12. f5 Qc5 13. Bd3 Qe5 14. Rhe1 Bg7 15. Nd5 {[%cal Bc3d5,Bd5e3,Be3g4][%mdl 32]} Kf8 (15... O-O $142) 16. Ne3 $16 Bd7 17. Ng4 Qc5 18. Qh4 {e5 is the strong threat.} Ke7 (18... Ra7 $16 {is a better defense.} 19. Kb1 (19. Nxf6 Qe5 $16) 19... h5) 19. e5 $1 $18 {[%cal Re5f6]} dxe5 20. Rxe5 Qc7 {aiming for ...h5.} 21. fxe6 Bxe6 {[#]} 22. Rf1 $1 {Strongly threatening Rxe6+!} h5 $2 {[#]} (22... Rad8) 23. Rxe6+ $1 {[%mdl 512]} fxe6 (23... Kxe6 24. Rxf6+) 24. Nxf6 Bh6+ 25. Kb1 Qe5 26. Ng8+ Kd6 27. Nxh6 {White wants to mate with Nf7+.} Rxh6 28. Qb4+ Kc7 29. Rf7+ {White mates.} Kb6 30. a4 {[%cal Ba2a4,Ba4a5][%mdl 32]} Rd8 31. a5+ Kc6 32. Be4+ Rd5 33. Qe7 Rh8 34. b4 {[%csl Gf7][%cal Re7d7]} Qxe4 35. Qc7# {Precision: White = 98%, Black = 30%.} 1-0

[Event "4th Capablanca Memorial GM 2018"]
[Site "Heraklion"]
[Date "2018.04.10"]
[Round "2"]
[White "Georgakopoulos, Nikolaos"]
[Black "Pogosyan, Stefan"]
[Result "0-1"]
[WhiteElo "2346"]
[BlackElo "2314"]
[Annotator "NA"]
[PlyCount "70"]
[EventDate "2018.??.??"]
[EventType "tourn"]
[EventCountry "GRE"]
[SourceTitle "playchess.com"]
[Source "ChessBase"]
[SourceQuality "1"]
[TimeControl "40/5400+30:1800+30"]

1. Nf3 {[%emt 0:00:00]} Nf6 {[%emt 0:00:19]} 2. c4 {[%emt 0:00:01]} c6 {[%emt 0:01:07]} 3. d4 {[%emt 0:01:39]} d5 {[%emt 0:00:07]} 4. Nbd2 {[%emt 0:00:41]} Bf5 {[%emt 0:00:44]} 5. Nh4 {[%emt 0:00:44]} Be4 {[%emt 0:00:12]} 6. f3 {[%emt 0:01:22]} Bg6 {[%emt 0:00:43]} 7. Qb3 {[%emt 0:00:25]} Qc7 {[%emt 0:03:09]} 8. e3 {[%emt 0:15:55]} e6 {[%emt 0:04:47]} 9. cxd5 {[%emt 0:21:15]} exd5 {[%emt 0:01:11]} 10. g4 {[%emt 0:14:47]} Bd6 {[%emt 0:06:17]} 11. g5 {[%emt 0:02:49]} Nfd7 {[%emt 0:03:01]} 12. Nxg6 {[%emt 0:05:38]} hxg6 {[%emt 0:00:11]} 13. f4 {[%emt 0:00:25]} c5 {[%emt 0:10:36]} 14. Qxd5 {[%emt 0:09:34]} cxd4 {[%emt 0:00:35]} 15. Qxd4 {[%emt 0:00:25]} O-O {[%emt 0:01:38]} 16. Ne4 {[%emt 0:02:12]} Be7 {[%emt 0:01:29]} 17. Bd2 {[%emt 0:06:18]} Nc6 {[%emt 0:00:56]} 18. Qc4 {[%emt 0:00:07]} Nb6 {[%emt 0:04:06]} 19. Qb3 {[%emt 0:00:04]} a5 {[%emt 0:07:35]} 20. Bg2 {[%emt 0:01:22]} a4 {[%emt 0:00:17]} 21. Qc2 {[%emt 0:01:30]} Nd5 {[%emt 0:00:38]} 22. a3 {[%emt 0:06:51]} Qb6 {[%emt 0:01:57]} 23. Qc1 {[%emt 0:02:04]} Na5 {[%emt 0:01:30]} 24. Bxa5 {[%emt 0:04:23]} Rxa5 {[%emt 0:01:05]} 25. Ke2 {[%emt 0:01:18]} Rb5 {[%emt 0:01:44]} 26. Rb1 {[%emt 0:00:08]} Bxa3 {[%emt 0:05:15]} 27. Nf6+ {[%emt 0:00:55]} gxf6 {[%emt 0:01:09]} 28. Bxd5 {[%emt 0:00:03]} Bxb2 {[%emt 0:05:11]} 29. Rxb2 {[%emt 0:00:29]} Rxb2+ {[%emt 0:00:11]} 30. Kf3 {[%emt 0:00:01]} fxg5 {[%emt 0:00:42]} 31. Rg1 {[%emt 0:00:07]} Qb5 {[%emt 0:04:28]} 32. Rxg5 {[%emt 0:01:24]} Qe2+ {[%emt 0:00:21]} 33. Kg3 {[%emt 0:00:03]} Qxh2+ {[%emt 0:00:53]} 34. Kf3 {[%emt 0:01:01]} Kh7 {[%emt 0:02:22]} 35. f5 {[%emt 0:00:56]} Rf2+ {[%emt 0:01:23]} 0-1

[Event "4th Capablanca Memorial GM 2018"]
[Site "Heraklion"]
[Date "2018.04.10"]
[Round "2"]
[White "Koutoukidis, Panagiotis"]
[Black "Rozentalis, Eduardas"]
[Result "1/2-1/2"]
[WhiteElo "2332"]
[BlackElo "2518"]
[Annotator "TA"]
[PlyCount "57"]
[EventDate "2018.??.??"]
[EventType "tourn"]
[EventCountry "GRE"]
[SourceTitle "playchess.com"]
[Source "ChessBase"]
[SourceQuality "1"]

{[%evp 14,57,86,77,88,75,89,64,81,54,64,46,74,66,64,22,47,41,38,10,26,8,14,0,0,0,0,0,13,0,10,0,8,0,0,0,0,0,21,9,17,10,10,10,16,4]} 1. e4 Nf6 2. e5 Nd5 3. d4 d6 4. Nf3 g6 5. Bc4 Nb6 6. Bb3 d5 7. h3 {B04: Alekhine's Defence: 4 Nf3} Bg7 (7... a5 8. a4 Bg7 9. O-O O-O 10. Re1 Na6 11. Be3 f6 12. Nbd2 c6 13. c3 Nc7 14. Bc2 Be6 {1-0 (33) Corrales Jimenez,F (2590)-Nogueiras Santiago,J (2570) Havana 2010}) 8. O-O {LiveBook: 5 Games} O-O 9. Re1 {White is better.} Nc6 10. c3 f6 11. exf6 exf6 12. Nbd2 {[%cal Bb1d2,Bd2f1,Bf1g3][%mdl 32]} Bf5 $146 ({Find the theoretical novelty and annotate with similar games:} 12... Re8 13. Rxe8+ Qxe8 14. Nf1 Be6 {0-1 (80) Saveljev,V (2295)-Bratchenko,A (2388) St Petersburg 2002}) 13. Nh4 Bd7 14. Nf1 Be8 15. Nf3 Bf7 16. Ng3 Qd7 17. Bc2 Rae8 {The position is equal.} 18. Rxe8 Rxe8 19. h4 Nc4 20. Bd3 Qg4 21. Be2 Qe6 22. Bd3 Qg4 23. Be2 Qd7 24. Bd3 Nd6 25. Bf4 Ne4 26. Qc2 {[%cal Rg3e4]} Qg4 27. Ne2 Re7 28. Re1 a6 29. Qc1 {Precision: White = 40%, Black = 66%.} 1/2-1/2